书目信息 |
| 题名: |
化学化工信息及网络资源的检索与利用
|
|
| 作者: | 王荣民 主编 | |
| 分册: | ||
| 出版信息: | 北京 化学工业出版社 2016.08 |
|
| 页数: | 248页 | |
| 开本: | 26cm | |
| 丛书名: | ||
| 单 册: | ||
| 中图分类: | G254.92 , G354.4 | |
| 科图分类: | ||
| 主题词: | 化学--互联网络--信息检索--高等教育--教材 , 化学工业--互联网络--信息检索--高等教育--教材 , 情报学 , 情报工作 | |
| 电子资源: | ||
| ISBN: | 978-7-122-27500-4 | |
| 000 | 01245nam0 2200301 450 | |
| 001 | 128 | |
| 005 | 20180921110431.15 | |
| 010 | @a978-7-122-27500-4@dCNY35.00 | |
| 100 | @a20161213d2016 em y0chiy50 ea | |
| 101 | 0 | @achi |
| 102 | @aCN@b110000 | |
| 105 | @aa z 000yy | |
| 200 | 1 | @a化学化工信息及网络资源的检索与利用@9hua xue hua gong xin xi ji wang luo zi yuan de jian suo yu li yong@dInformation retrieval and utilization in chemistry and related fields@f王荣民主编@zeng |
| 205 | @a4版 | |
| 210 | @a北京@c化学工业出版社@d2016.08 | |
| 215 | @a248页@c图@d26cm | |
| 300 | @a“十二五”普通高等教育本科国家级规划教材 | |
| 330 | @a本书共十二章,首先介绍科技图书、期刊论文、专利等三类传统化工文献源,其次总结了重要网络数据库的使用、化学化工信息检索与利用的策略与技巧,最后介绍了学术论文撰写与投稿、化学化工软件与在线课堂。 | |
| 510 | 1 | @aInformation retrieval and utilization in chemistry and related fields@zeng |
| 606 | 0 | @a化学@x互联网络@x信息检索@x高等教育@j教材 |
| 606 | 0 | @a化学工业@x互联网络@x信息检索@x高等教育@j教材 |
| 606 | 0 | @a情报学 |
| 606 | 0 | @a情报工作 |
| 690 | @aG254.92@v5 | |
| 690 | @aG354.4@v4 | |
| 701 | 0 | @a王荣民@9wang rong min@4主编 |
| 801 | 0 | @aCN@b91MARC@c20161213 |
| 905 | @aMuseLib@dG354.4@e113=4 | |
| 化学化工信息及网络资源的检索与利用=Information retrieval and utilization in chemistry and related fields/王荣民主编.-4版.-北京:化学工业出版社,2016.08 |
| 248页:图;26cm |
| “十二五”普通高等教育本科国家级规划教材 |
| ISBN 978-7-122-27500-4:CNY35.00 |
| 本书共十二章,首先介绍科技图书、期刊论文、专利等三类传统化工文献源,其次总结了重要网络数据库的使用、化学化工信息检索与利用的策略与技巧,最后介绍了学术论文撰写与投稿、化学化工软件与在线课堂。 |
| ● |
| 相关链接 |
|
|
|
|
正题名:化学化工信息及网络资源的检索与利用
索取号:G354.4/113=4
 
预约/预借
| 序号 | 登录号 | 条形码 | 馆藏地/架位号 | 状态 | 备注 |
| 1 | 1118379 | 211183798 | 第一样本阅览室/ [索取号:G354.4/113=4] | 在馆 | |
| 2 | 1118380 | 211183805 | 化学系资料室/ [索取号:G354.4/113=4] | 在馆 | |
| 3 | 1118381 | 211183814 | 第四借阅区/ [索取号:G354.4/113=4] | 在馆 | |
| 4 | 1118382 | 211183823 | 第四借阅区/ [索取号:G354.4/113=4] | 在馆 | |
| 5 | 1118383 | 211183832 | 第四借阅区/ [索取号:G354.4/113=4] | 在馆 |